Statistics for F1 Winners: Malaysian Grand Prix

Click here to take the quiz!

General Stats

  • This quiz has been taken 421 times
    (406 since last reset)
  • The average score is 18 of 19

Answer Stats

SeasonTrackDriver% Correct
2014SepangLewis Hamilton
99%
2013SepangSebastian Vettel
99%
2015SepangSebastian Vettel
99%
2010SepangSebastian Vettel
99%
2011SepangSebastian Vettel
99%
2005SepangFernando Alonso
98%
2007SepangFernando Alonso
98%
2012SepangFernando Alonso
98%
2001SepangMichael Schumacher
97%
2004SepangMichael Schumacher
97%
2000SepangMichael Schumacher
97%
2002SepangRalf Schumacher
97%
2009SepangJenson Button
95%
2017SepangMax Verstappen
94%
2008SepangKimi Räikkönen
92%
2003SepangKimi Räikkönen
92%
2016SepangDaniel Ricciardo
91%
1999SepangEddie Irvine
72%
2006SepangGiancarlo Fisichella
69%

Score Distribution

Percentile by Number Answered

Percent of People with Each Score

Your Score History

You have not taken this quiz since the last reset